Odd One Out (Geography Edition) - Statistics

General Stats
  • This quiz has been taken 271 times
  • The average score is 4 of 11
Answer Stats
Question Answer % Correct
Which is the odd one out? Eswatini (Swaziland)
86%
Which is the odd one out? Haiti
71%
Which is the odd one out? UK
57%
Which is the odd one out? Mongolia
43%
Which is the odd one out? Australia
29%
Which is the odd one out? China
29%
Which is the odd one out? Eritrea
14%
Which is the odd one out? Papua New Guinea
14%
Which is the odd one out? Saudi Arabia
14%
Which is the odd one out? USA
14%
Which is the odd one out? Bangladesh
0%
No matching quizzes found
Score Distribution
Percent of People with Each Score
Percentile by Number Answered
Your Score History
You have not taken this quiz